01549nam a22001577a 4500003000900000005001700009008004100026040001300067100004400080245027000124250000600394260002000400300001900420490006500439520088700504IT-RoPau20220918175936.0121207b xxu||||| |||| 00| 0 eng d cIT-RoPau aGoverni generali della Famiglia Paolina aLa Famiglia Paolina in cammino verso il 2000bFissando lo sguardo su Gesù, il Maestro. Lo Spirito Santo nella vita e nella missione di Don Alberione XV e XVI incontro dei Governi Generali della Famiglia Paolina (Ariccia,13 -19 gennaio 1997 e 12-18 gennaio 1998)  aI aRomabSSPc1998 a67 p.c21,2 cm aEdizioni Archivio Storico Generale della Famiglia PaolinavI aINDICE Presentazione XV INCONTRO DE GOVERNI GENERALI DELLA FAMIGLIA PAOLINA Ariccia, Casa Divin Maestro 13-19 gennaio 1997 LA FAMIGLIA PAOLINA IN CAMMINO VERSO IL 2000 FISSANDO LO SGUARDO SU GESU', IL MAESTRO I. CRONISTORIA DEL SEMINARIO SU GESU', IL MAESTRO ( Teòfilo Pèrez, SSP.) II. MESSAGGIO FINALE XVI INCONTRO DEI GOVERNI GENERALI DELLA FAMIGLIA PAOLINA Ariccia, Casa Divin Maestro,12-18 Gennaio 1988 LO SPIRITO SANTO NELLA VITA E NELLA MISSIONE DI DON ALBERIONE DON GIACOMO ALBERIONE, UOMO DELLO SPIRITO ( Fabio Ciardi, OMI) I - Lo Spirito di rivelazione II. - Lo Spirito di profezia III. - Lo Spirito di santificazione Conclusione DON ALBERIONE, "PROTESO IN AVANTI" [Fl 3,13] ( Silvio Sassi, SSP) 0. Introduzione 1. Testimonianze 2. Elementi del carisma di Don Alberione 3. Fedeltà creativa 4. "Prepararsi a fare qualcosa" MESSAGGIO FINALE